[Event "Tarragona Province-ch"]
[Site "Tarragona"]
[Date "2018.10.21"]
[Round "4"]
[White "Caixal Pique, Jordi"]
[Black "Sanz Bastos, Fernando"]
[Result "0-1"]
[WhiteElo "1606"]
[BlackElo "1922"]
[PlyCount "58"]
[EventDate "2018.09.30"]
[EventType "swiss"]
[EventRounds "9"]
[EventCountry "ESP"]
[SourceTitle "CBM 187 Extra"]
[Source "ChessBase"]
[SourceDate "2018.11.04"]
[SourceVersion "1"]
[SourceVersionDate "2018.11.04"]
[SourceQuality "1"]

1. c4 f5 2. e4 fxe4 3. Qh5+ g6 4. Qh4 Nf6 5. Nc3 Bg7 6. Be2 Nc6 7. g4 Nd4 8. g5 Nxe2 9. Ngxe2 Nh5 10. Qxe4 0-0 11. d4 e6 12. Be3 c6 13. Ng3 d5 14. Qh4 e5 15. Nxh5 gxh5 16. Qxh5 Bf5 17. 0-0-0 Bg6 18. Qg4 exd4 19. Rxd4 Bxd4 20. Bxd4 Qc8 21. Qxc8 Raxc8 22. h4 Rf4 23. Ne2 Re4 24. h5 Bf5 25. Ng3 Rxd4 26. Nxf5 Rxc4+ 27. Kd1 Rf8 28. Nd6 Rd4+ 29. Ke2 Rg4 0-1

[Event "Salou op U2300 3rd"]
[Site "Salou"]
[Date "2018.05.01"]
[Round "7"]
[White "Caixal Pique, Jordi"]
[Black "Arias Aranda, Guillem"]
[Result "1-0"]
[WhiteElo "1638"]
[BlackElo "1383"]
[PlyCount "39"]
[EventDate "2018.04.28"]
[EventType "swiss"]
[EventRounds "7"]
[EventCountry "ESP"]
[SourceTitle "CBM 184 Extra"]
[Source "ChessBase"]
[SourceDate "2018.06.28"]
[SourceVersion "1"]
[SourceVersionDate "2018.06.28"]
[SourceQuality "1"]

1. Nf3 d6 2. b3 Nc6 3. e3 e5 4. Bb5 a6 5. Bxc6+ bxc6 6. c4 Bg4 7. h3 Bf5 8. d3 f6 9. Nc3 d5 10. Qe2 dxc4 11. dxc4 Bd3 12. Qd2 Bb4 13. Bb2 Qd6 14. a3 Bxc3 15. Qxc3 Rd8 16. 0-0-0 e4 17. Nd4 c5 18. Nf5 Qd7 19. Ng3 f5 20. Nh5 1-0

[Event "Tarrega Tardor op 1st"]
[Site "Tarrega"]
[Date "2015.11.06"]
[Round "6"]
[White "Caixal Pique, Jordi"]
[Black "Angles Roca, Jan"]
[Result "1-0"]
[WhiteElo "1878"]
[BlackElo "1411"]
[PlyCount "21"]
[EventDate "2015.10.02"]
[EventType "swiss"]
[EventRounds "8"]
[EventCountry "ESP"]
[SourceTitle "CBM 169 Extra"]
[Source "ChessBase"]
[SourceDate "2015.12.18"]
[SourceVersion "1"]
[SourceVersionDate "2015.12.18"]
[SourceQuality "1"]

1. e4 e5 2. f4 f6 3. Bc4 Nh6 4. fxe5 fxe5 5. Qh5+ g6 6. Qxe5+ Qe7 7. Qxh8 Qxe4+ 8. Be2 Qxg2 9. Bf3 Qg5 10. Nh3 Qe5+ 11. Qxe5+ 1-0

[Event "Tarrega Tardor op 1st"]
[Site "Tarrega"]
[Date "2015.10.30"]
[Round "5"]
[White "Verdes Nadal, Ramon"]
[Black "Caixal Pique, Jordi"]
[Result "1-0"]
[WhiteElo "2223"]
[BlackElo "1878"]
[PlyCount "109"]
[EventDate "2015.10.02"]
[EventType "swiss"]
[EventRounds "8"]
[EventCountry "ESP"]
[SourceTitle "CBM 169 Extra"]
[Source "ChessBase"]
[SourceDate "2015.12.18"]
[SourceVersion "1"]
[SourceVersionDate "2015.12.18"]
[SourceQuality "1"]

1. Nf3 Nf6 2. g3 d6 3. d4 g6 4. Bg2 Bg7 5. 0-0 c6 6. c3 0-0 7. Re1 Bf5 8. Qb3 Qc7 9. Nbd2 Be6 10. Qc2 d5 11. e4 dxe4 12. Nxe4 Nxe4 13. Qxe4 h6 14. Ne5 Bd5 15. Qh4 Kh7 16. Bxh6 f6 17. Bf4+ Kg8 18. Nxg6 e5 19. dxe5 Bxg2 20. exf6 Bxf6 21. Ne7+ Qxe7 22. Rxe7 Bxh4 23. Rxb7 Bh3 24. Bd6 Rd8 25. Bc7 Re8 26. gxh4 Na6 27. Bf4 Nc5 28. Rb4 Re2 29. Rc4 Rae8 30. Be3 Re5 31. Rxc5 R2xe3 32. fxe3 Rxc5 33. Kf2 Rc4 34. Kg3 Be6 35. h3 Re4 36. Rg1 Kh7 37. Re1 a6 38. b3 Kg6 39. c4 a5 40. Rg1 Kh5 41. Kf3 Re5 42. Rg5+ Rxg5 43. hxg5 Kxg5 44. Ke4 Kf6 45. h4 Bf5+ 46. Kd4 Bb1 47. a3 Ba2 48. b4 axb4 49. axb4 Ke6 50. h5 Bb3 51. e4 Bc2 52. b5 c5+ 53. Ke3 Ke5 54. b6 Bxe4 55. h6 1-0

[Event "Tarrega Tardor op 1st"]
[Site "Tarrega"]
[Date "2015.10.23"]
[Round "4"]
[White "Caixal Pique, Jordi"]
[Black "Angles Roca, Joel"]
[Result "1-0"]
[WhiteElo "1878"]
[BlackElo "1554"]
[PlyCount "35"]
[EventDate "2015.10.02"]
[EventType "swiss"]
[EventRounds "8"]
[EventCountry "ESP"]
[SourceTitle "CBM 169 Extra"]
[Source "ChessBase"]
[SourceDate "2015.12.18"]
[SourceVersion "1"]
[SourceVersionDate "2015.12.18"]
[SourceQuality "1"]

1. e4 e5 2. f4 exf4 3. Nf3 Nf6 4. Nc3 Nc6 5. d4 d5 6. e5 Ng4 7. Bxf4 Bb4 8. h3 Nh6 9. g4 Be6 10. Bd3 Qe7 11. Bb5 Bd7 12. Kf2 Bxc3 13. bxc3 0-0-0 14. Rb1 Na5 15. Qe2 Kb8 16. Bxd7 Rxd7 17. Qb5 b6 18. Qxa5 1-0

[Event "Tarragona Province-ch"]
[Site "Tarragona"]
[Date "2015.10.11"]
[Round "3"]
[White "Rius Guarch, Daniel"]
[Black "Caixal Pique, Jordi"]
[Result "1-0"]
[WhiteElo "2060"]
[BlackElo "1884"]
[PlyCount "63"]
[EventDate "2015.09.27"]
[EventType "swiss"]
[EventRounds "9"]
[EventCountry "ESP"]
[SourceTitle "EXT 2017"]
[Source "ChessBase"]
[SourceDate "2016.10.25"]
[SourceVersion "1"]
[SourceVersionDate "2016.10.25"]
[SourceQuality "1"]

1. d4 Nf6 2. c4 g6 3. Nc3 Bg7 4. Nf3 d6 5. e4 0-0 6. Be2 e5 7. d5 Nbd7 8. 0-0 a5 9. h3 Nc5 10. Qc2 Nh5 11. Ne1 Nf4 12. Bxf4 exf4 13. Nd3 Nxd3 14. Qxd3 f5 15. Bf3 Qg5 16. Rae1 Be5 17. Re2 Qf6 18. Rfe1 Bd7 19. exf5 Bxf5 20. Be4 Qh4 21. Bxf5 Rxf5 22. f3 Re8 23. Ne4 h5 24. c5 Qe7 25. Qb5 g5 26. cxd6 cxd6 27. Nxd6 Ref8 28. Nxf5 Rxf5 29. Qd3 Qf6 30. d6 Bd4+ 31. Kh2 Rd5 32. Re8+ 1-0

[Event "Tarragona Calbet Memorial"]
[Site "Tarragona"]
[Date "2013.05.04"]
[Round "4"]
[White "Sanges Montfort, Joan"]
[Black "Caixal Pique, Jordi"]
[Result "0-1"]
[WhiteElo "1796"]
[BlackElo "1619"]
[PlyCount "46"]
[EventDate "2013.04.13"]
[EventType "swiss"]
[EventRounds "8"]
[EventCountry "ESP"]
[SourceTitle "EXT 2014"]
[Source "ChessBase"]
[SourceDate "2013.11.20"]
[SourceVersion "1"]
[SourceVersionDate "2013.11.20"]
[SourceQuality "1"]

1. d4 d5 2. Nf3 Nf6 3. Bg5 c5 4. e3 Qb6 5. Bd3 c4 6. Be2 Qxb2 7. c3 Bf5 8. 0-0 Qxa1 9. Qa4+ Bd7 10. Qc2 Ne4 11. Bxc4 Bf5 12. Bxd5 Ng3 13. e4 Nxf1 14. exf5 Nxh2 15. Bxf7+ Kxf7 16. Ne5+ Ke8 17. Qa4+ Nc6 18. Qb5 Qxa2 19. Qxb7 Nxe5 20. Qxa8+ Kf7 21. Qc8 Nef3+ 22. gxf3 Nxf3+ 23. Kg2 Nxg5 0-1